Geology and ore deposits of Red River and Twining districts, Taos County, New Mexico. (Record no. 28259)

MARC details
000 -LEADER
fixed length control field 01086cam a22002771 4500
001 - CONTROL NUMBER
control field gs 48000068
003 - CONTROL NUMBER IDENTIFIER
control field DLC
005 - DATE AND TIME OF LATEST TRANSACTION
control field 20260227111353.0
008 - FIXED-LENGTH DATA ELEMENTS--GENERAL INFORMATION
fixed length control field 781026s1948 nmu 000 0 eng
010 ## - LIBRARY OF CONGRESS CONTROL NUMBER
LC control number gs 48000068
035 ## - SYSTEM CONTROL NUMBER
System control number (OCoLC)4323874
040 ## - CATALOGING SOURCE
Original cataloging agency DLC
Transcribing agency TxEU
Modifying agency OCoLC
-- DLC
042 ## - AUTHENTICATION CODE
Authentication code premarc
050 00 - LIBRARY OF CONGRESS CALL NUMBER
Classification number TN24.N6
Item number A235 no. 18
100 1# - MAIN ENTRY--PERSONAL NAME
Personal name Park, Charles Frederick,
Dates associated with a name 1903-
245 10 - TITLE STATEMENT
Title Geology and ore deposits of Red River and Twining districts, Taos County, New Mexico.
Statement of responsibility, etc. A preliminary report by Charles F. Park, Jr. and Philip F. McKinlay. Prepared in cooperation with the Geological Survey, U. S. Dept. of the Interior.
260 ## - PUBLICATION, DISTRIBUTION, ETC.
Place of publication, distribution, etc. Socorro,
Date of publication, distribution, etc. 1948.
300 ## - PHYSICAL DESCRIPTION
Extent 35 l.
Other physical details illus., maps (1 fold.)
Dimensions 28 cm.
410 10 - SERIES STATEMENT/ADDED ENTRY--CORPORATE NAME [OBSOLETE, CAN/MARC], [LOCAL, USA]
Corporate name or jurisdiction name as entry element New Mexico.
Subordinate unit Bureau of Mines and Mineral Resources.
Title of a work Circular
Volume number/sequential designation 18
504 ## - BIBLIOGRAPHY, ETC. NOTE
Bibliography, etc. note Bibliography: leaves 33-35.
504 ## - BIBLIOGRAPHY, ETC. NOTE
Bibliography, etc. note Bibliography: p. 4-5.
650 #0 - SUBJECT ADDED ENTRY--TOPICAL TERM
Topical term or geographic name entry element Geology
Geographic subdivision New Mexico
-- Taos County.
650 #0 - SUBJECT ADDED ENTRY--TOPICAL TERM
Topical term or geographic name entry element Ore deposits
Geographic subdivision New Mexico
-- Taos County.
700 1# - ADDED ENTRY--PERSONAL NAME
Personal name McKinlay, Philip F.,
Relator term joint author.
710 2# - ADDED ENTRY--CORPORATE NAME
Corporate name or jurisdiction name as entry element Geological Survey (U.S.)

No items available.

Powered by Koha